Ciencias sociales 9. bonaerense. /
Guardado en:
| Autor Principal: | |
|---|---|
| Formato: | Libro |
| Publicado: |
Buenos Aires :
Santillan,
2006.
|
| Series: | Todos Protagonistas
|
| Materias: | |
| Etiquetas: |
Agregar Etiqueta
Sin Etiquetas, Sea el primero en etiquetar este registro!
|
| LEADER | 02115nam a22004215a 4500 | ||
|---|---|---|---|
| 001 | CEM.cems018599 | ||
| 005 | 20171228101617.0 | ||
| 008 | 130507s2006##################000#0#####d | ||
| 003 | CEMS | ||
| 020 | |a 9504616186 | ||
| 082 | 0 | 4 | |a 302 |
| 100 | 1 | |a Arzeno, Mariana B | |
| 245 | 1 | 0 | |a Ciencias sociales 9. bonaerense. / |c Mariana B, Arzeno; wuilfredo G. Carroza; hortensia, Castro; ariel D. Denkberg; mariana V. Dossi; mabel B. Fariña; juan Pablo Fasano; victoria N. Kandel; daniel Lenci; sandra E. Minvielle; silvina I. Montenegro; cecilia M. Sagol; juan Santiago Sanguinetti. |
| 260 | |a Buenos Aires : |b Santillan, |c 2006. | ||
| 300 | |a 384p. ; 28cm. | ||
| 490 | 0 | |a Todos Protagonistas | |
| 505 | 0 | |a La Argentina en el mundo actual -- Los relieves de la Argentina -- Climas, rìos y biomas de la Argentina -- Economía -- La producción Agraria -- La producción industrial -- La población Argentina -- Problmáticas ambientales -- Capitalismo y predominio europeo -- Argentina moderna (1850-1916) -- Guerra y revolicion -- Depresión económica -- Segunda Guerra Mundial -- La Argentina entre guerras mundiales -- El peronismo -- Revolución a la vuelta de Perón -- Guerra fría -- Dictadura y democracia -- Política y Estado -- Mundo Globalizado. | |
| 653 | |a La argentina en el mundo actual | ||
| 653 | |a Los relieves de la argentina | ||
| 653 | |a Climas, ríos y biomas de la argentina | ||
| 653 | |a Economía | ||
| 653 | |a La producción agraria | ||
| 653 | |a La producción industrial | ||
| 653 | |a La población argentina | ||
| 653 | |a Problmáticas ambientales | ||
| 653 | |a Capitalismo y predominio europeo | ||
| 653 | |a Argentina moderna (1850-1916) | ||
| 653 | |a Guerra y revolicion | ||
| 653 | |a Depresión económica | ||
| 653 | |a Segunda guerra mundial | ||
| 653 | |a La argentina entre guerras mundiales | ||
| 653 | |a El peronismo | ||
| 653 | |a Revolución a la vuelta de perón | ||
| 653 | |a Guerra fría | ||
| 653 | |a Dictadura y democracia | ||
| 653 | |a Política y estado | ||
| 653 | |a Mundo globalizado. | ||
| 859 | |a CEMS |b BIB. CEMS - Agricultura |h 302 |i Ar99 |p A2966.17 |t Ej.1 | ||
